000
00212 a2200097 4500
001
15166
100
_a
Bonowia M.R
245
_a
The economics of transport
260
_a
London
_b
Nisbet
_c
090
_c
11910
_d
11910
942
_a
NUST-CAE
_c
M
_c
2126
999
_c
250239
_d
250239